000 00683cam a2200241 a 4500
001 12200
003 BD-RjUL
005 20211208235243.0
008 140128s1982 nyua b 001 0 eng
020 _a0023398205
035 _a(BD-RjUL)12249
040 _aDLC
_cDLC
_dDLC
_dBD-RjUL
_beng
041 _aeng
082 0 0 _a612.015
_219
_bFRH 1982
100 1 _aFrisell, Wilhelm R.,
_d1920-
_937804
245 1 0 _aHuman biochemistry /
_cWilhelm R. Frisell.
260 _aNew York :
_bMacmillan,
_cc1982.
300 _aix, 845 p. :
_bill. ;
_c27 cm.
504 _aIncludes bibliographies and index.
650 0 _aBiochemistry.
_9215960
942 _2ddc
_cBK
999 _c12200
_d12200